00382 a2200145 450000100060000002000060000604000240001210000200003624000580005624500530011430000070016736200090017444000220018365000310020570243 a  cAnchieta - Itaigara aBarros, Fabiana10aFarfalinha e o rei que não sabia pedir socorrolpor10aFarfalinha e o rei que não sabia pedir socorro a360 a2015 1aEditora Suméria 4aLiteratura infanto-juvenil